Experimental designs in sociological research.

Bibliographic Details
Main Author: Chapin, F. Stuart (Francis Stuart), 1888-1974
Format: Book
Language:English
Published: New York : Harper, [1947]
Subjects:

MARC

Tag First Indicator Second Indicator Subfields
LEADER 00000cam a2200000 4500
001 in00000058591
005 20151008050436.0
008 721116s1947 nyu b 00000 eng u
010 |a  48005456  
035 |a (OCoLC)00497679 
035 |9 AAG1081AM 
040 |c OUN  |d TXA  |d UtOrBLW 
049 |a TXAM  |c [157611] 
050 0 |a H62  |b .C355 
082 0 |a 307.2 
092 |a 307.2  |b C463e 
100 1 |a Chapin, F. Stuart  |q (Francis Stuart),  |d 1888-1974. 
245 1 0 |a Experimental designs in sociological research. 
264 1 |a New York :  |b Harper,  |c [1947] 
300 |a x, 206 pages ;  |c 21 cm. 
336 |a text  |b txt  |2 rdacontent 
337 |a unmediated  |b n  |2 rdamedia 
338 |a volume  |b nc  |2 rdacarrier 
504 |a Bibliographical footnotes. 
650 0 |a Social sciences  |x Research. 
650 0 |a Sociometry. 
999 |a MARS 
999 f f |s 4d322cf3-df17-34c5-8768-a59fbe6a7dca  |i 9bd6e919-b93f-3bee-8f77-ea1c0aa30525  |t 0 
952 f f |p ric  |a Texas A&M University  |b Rellis Campus  |c Joint Library Facility  |d Remote Storage  |t 0  |e H62 .C355  |h Library of Congress classification  |i unmediated -- volume  |m A14800646057 
998 f f |a H62 .C355  |t 0  |l Remote Storage